Missing Word: Mariah Carey Songs Quiz Stats

 Plays Quiz Updated Nov 19, 2012

     
Support Sporcle.
Go Orange.
Score 0/18 Timer 03:00
1 Play Today
Song Missing Word % Correct
Always Be My _____Baby
89.3%
We _____ TogetherBelong
87.3%
Without _____You
84.3%
Vision of _____Love
82.5%
_____ of JulyFourth
81.5%
Can't _____ GoLet
78.2%
_____ It HappenMake
75.3%
Anytime You Need a _____Friend
75.2%
One Sweet _____Day
67.1%
Song Missing Word % Correct
Love Takes _____Time
65.4%
_____ My BodyTouch
63.3%
Shake It _____Off
45.2%
It's Like _____That
40.6%
_____ BoxMusic
40.5%
I Don't Wanna _____Cry
38.9%
Say _____Somethin'
37.7%
Underneath the _____Stars
31%
_____ Your NumberGet
28%

Today's Daily Dose

Word Ladder
Drink to Me

Get the Picture
Big 4 'R' All-Stars

From the Vault

30 in 60: Disney Characters

by lolshortee

Movies 60s
Playing this quiz is like fast-forwarding through all of your favorite childhood friends.
Remove Ads.
Support Sporcle.
Get the best of Sporcle when you Go Orange. This ad-free experience offers more features, more stats, and more fun while also helping to support Sporcle. Thank you for becoming a member.

Show Comments

Extras

Top Quizzes Today


Score Distribution

Your Account Isn't Verified!

In order to create a playlist on Sporcle, you need to verify the email address you used during registration. Go to your Sporcle Settings to finish the process.

Report this User

Report this user for behavior that violates our Community Guidelines.

Details: